00427 a2200169 450000100060000002000150000604000240002124000200004524500150006530000070008036200060008744000130009365000240010694200070013095201030013799900170024069062 a8574881651 cAnchieta - Itaigara10aPinóquiolpor10aPinóquio a160 a0 1aGirassol 4aLiteratura infantil cBK 00104070a88.1b88.1d2023-11-21l0oLI 028.5 PINp987/ITAr2023-11-21 20:03:27w2023-11-21yBK c69062d69062